000 00629nam a2200229 i 4500
001 67520
003 ES-MaACL
005 20250911063538.0
007 t|
008 040602s2004 sp ||||1| spa d
020 _a84-233-3593-3
080 _a821.134.2-31"19"
100 1 _aSoler, Antonio,
_d1956-
_9158499
245 1 3 _aEl camino de los Ingleses /
_cAntonio Soler.
250 _a1ª ed.
260 _aBarcelona :
_bDestino,
_c2004.
300 _a349 p. ;
_c24 cm.
490 1 _aAncora y delfín ;
_v990
830 0 0 _aÁncora y Delfín
_v990
_9151298
852 _aES-MaACL
_jL-27754
_bR.133614
999 _c67520
_d67520